000
00240nam a2200097Ia 4500
008
240625s9999 xx 000 0 und d
041
_a
eng
100
_a
DEMIRGUC KUNT ASLI
245
_a
FINANCIAL STRUCTURE AND ECONOMIC GROWTH
260
_c
2004
999
_c
33156
_d
33156